Fundamental statistics in physical education and sports sciences (Record no. 394110)

MARC details
000 -LEADER
fixed length control field 00499 a2200181 4500
005 - DATE & TIME
control field 20260202163904.0
008 - FIXED-LENGTH DATA ELEMENTS--GENERAL INFORMATION
fixed length control field 260202b |||||||| |||| 00| 0 eng d
020 ## - ISBN
International Standard Book Number 8186190570
Price Rs.1200.00
040 ## - CATALOGING SOURCE
Original cataloging agency VIVEKANANDA LIBRARY
082 ## - DDC NUMBER
Classification number 796.021
Book Number S26F
100 ## - MAIN ENTRY--PERSONAL NAME
Personal name Shaw, Dhananjoy
245 ## - TITLE STATEMENT
Title Fundamental statistics in physical education and sports sciences
260 ## - PUBLICATION, DISTRIBUTION, ETC. (IMPRINT)
Name of publisher, distributor, etc Sports Publication
Date of publication, distribution, etc 2017
Place of publication, distribution, etc New Delhi
300 ## - PHYSICAL DESCRIPTION
Pages 218
650 ## - Subject
Subject Physical Science
650 ## - Subject
Subject Sports Sciences
942 ## - ADDED ENTRY ELEMENTS (KOHA)
Koha item type Books
Holdings
Withdrawn status Lost status Source of classification or shelving scheme Damaged status Not for loan Location (home branch) Sublocation or collection (holding branch) Shelving location Date acquired Koha issues (times borrowed) Koha full call number Accession No. Koha date last seen Koha item type
    Dewey Decimal Classification     VIVEKANANDA LIBRARY VIVEKANANDA LIBRARY Vivekananda Library 05/01/2026   796.021 S26F 444223 05/01/2026 Books
© Designed and Maintained by Vivekananda Library, MDU Rohtak